TEXTBOOK OF TEMPERATE FRUITS (Record no. 291073)

MARC details
000 -LEADER
fixed length control field 00407pam a2200157a 44500
008 - FIXED-LENGTH DATA ELEMENTS--GENERAL INFORMATION
fixed length control field 230405s2017 xxu||||| |||| 00| 0 eng d
041 ## - LANGUAGE CODE
Language code of text/sound track or separate title ENG
100 ## - MAIN ENTRY--PERSONAL NAME
Personal name SHARMA R R
245 ## - TITLE STATEMENT
Title TEXTBOOK OF TEMPERATE FRUITS
250 ## - EDITION STATEMENT
Edition statement 1ST Ed.
260 ## - PUBLICATION, DISTRIBUTION, ETC.
Place of publication, distribution, etc. NEW DELHI
Name of publisher, distributor, etc. CBS PUB
Date of publication, distribution, etc. 2017
300 ## - PHYSICAL DESCRIPTION
Extent 156p.
440 ## - SERIES STATEMENT/ADDED ENTRY--TITLE
Title BHARATI GRAHAK BHANDAR, BILL NO.4424, DT-16/08/2018
700 ## - ADDED ENTRY--PERSONAL NAME
Personal name KRISHNA HARE
906 ## - LOCAL DATA ELEMENT F, LDF (RLIN)
a 2195
Holdings
Withdrawn status Lost status Damaged status Not for loan Collection Home library Current library Shelving location Date acquired Total Checkouts Barcode Date last seen Price effective from Koha item type
          Loknete Mohanrao Kadam College of Agriculture, Kadegaon, Sangli Loknete Mohanrao Kadam College of Agriculture, Kadegaon, Sangli   12/12/2020   AGK-5927 17/04/2023 17/04/2023 Book
          Loknete Mohanrao Kadam College of Agriculture, Kadegaon, Sangli Loknete Mohanrao Kadam College of Agriculture, Kadegaon, Sangli   12/12/2020   AGK-5926 17/04/2023 17/04/2023 Book
          Loknete Mohanrao Kadam College of Agriculture, Kadegaon, Sangli Loknete Mohanrao Kadam College of Agriculture, Kadegaon, Sangli   12/12/2020   AGK-5925 17/04/2023 17/04/2023 Book